Movimiento social y politización popular en Tarapacá, 1900-1912
Saved in:
| Hovedforfatter: | |
|---|---|
| Format: | Bog |
| Sprog: | spansk |
| Udgivet: |
Concepción, Chile:
Escaparate Ediciones,
2006.
|
| Udgivelse: | Primera edición |
| Fag: | |
| Tags: |
Tilføj Tag
Ingen Tags, Vær først til at tagge denne postø!
|
MARC
| LEADER | 00000cam a2200000 a 4500 | ||
|---|---|---|---|
| 001 | UCC8719 | ||
| 003 | CL-VaPUC | ||
| 005 | 20241021095102.0 | ||
| 008 | 190809t20060000cl |||||||||||||||||spa|d | ||
| 999 | |c 374971 |d 374969 | ||
| 020 | |a 9567827524 | ||
| 040 | |c Pontificia Universidad Católica de Valparaíso | ||
| 082 | 0 | 4 | |a 305.98312 ART 2006 |2 21 |
| 100 | |a Artaza Barrios, Pablo |e autor |9 603433 | ||
| 245 | 1 | 0 | |a Movimiento social y politización popular en Tarapacá, 1900-1912 |
| 250 | |a Primera edición | ||
| 260 | |a Concepción, Chile: |b Escaparate Ediciones, |c 2006. | ||
| 300 | |a 230 páginas. | ||
| 500 | |a c. Fondo Budge. Donación profesor Sr. Eduardo Cavieres. 05-08-2019 Profesor: Afectuosamente Pablo Artaza: Enero 2007. Tenga la seguridad de que este ejemplar es reconocimiento de una deuda académica tanto directa como indirecta y que espero pueda resultarle de interés. | ||
| 583 | |a last modification |c 20190809 11:18:00 |k Rodrigo Vera | ||
| 650 | 0 | |a Movimiento obrero |9 322899 |y 1900-1912 |z Región de Tarapacá, Chile | |
| 650 | 0 | |a Historia de Chile |9 265473 |y Siglo 20 | |
| 651 | 0 | |a Región de Tarapacá |2 CL-VaPUC |9 538136 |z Chile |x Desarrollo económico y social |x Condiciones sociales | |
| 942 | |c BK |2 ddc | ||
| 945 | |d 20190809 11:18:00 |a dcastane | ||
| 952 | |0 0 |1 0 |3 erb |4 0 |6 305_983120000000000_ART_2006 |7 0 |8 X |9 493757 |a FDOBUD |b FDOBUD |i 5594626 |o 305.98312 ART 2006 |p 5594626 |r 2019-11-24 |w 2019-11-24 |y BK_X |z Catalogado en:20190809 |k BUD | ||